000
00233nam a22000857a 4500
008
160928b xxu||||| |||| 00| 0 eng d
100
_9
792
_a
Chatterjee.A.K
245
_a
Work book Mariegold-II
260
_a
New Delhi
_b
NCERT Publications
_c
2010
999
_c
3446
_d
3446